00619 2200193 4500001002100000005001500021035002000036245012400056100001200180250002000192300004700212856003600259700004700295260003000342082000800372084001400380020002200394600000900416INLIS00000000114675520260212083425 a0010-02260003751 aHELLO KITTY :bA B C Pintar Menulis bersama Hello Kitty /cPenulis; Tim EFK, Editor; Ayu Prameswary, Windarati Hapsari.0 aTim EFK aCetakan Pertama a32 Halaman :bIlustrasi ;c21x28cmeKertas aPERPUSTAKAAN UMUM KOTA MAKASSAR0 aEditor; Ayu Prameswary, Windarati Hapsari. aSanrio :bErlangga,c2015 a397 a397 TIM h a978-602-252-534-9 4aanak